000 01777nam0a22003251 4500
001 rc\4223961
005 20260407134514.0
010 _d20 к.
_9800
021 _aRU
_b[68-57080]
035 _a(NLR Aleph) 008460593
090 _a7866912
_c7866912
100 _a20130416d1968 |||y0rusy50 ca
101 0 _arus
102 _aRU
105 _aa j |||||
200 1 _aНаправления организационно-технологического совершенствования потоков в производстве пленочных материалов
_e[учебное пособие]
_fЛ.П. Аксенов, П.С. Пушкин
_gВсесоюз. заоч. ин-т текстильной и легкой пром-сти. Фак. усовершенствования инженеров и руководящих работников легкой пром-сти
210 _aМосква
_d1968
215 _a44 с.
_cил.
_d22
320 _aБиблиогр.: с. 43 (10 назв.)
606 1 _aПолимерные пленки
_jУчебные издания для высших учебных заведений
_xПроизводство
_xНепрерывно-поточный метод
_92017488
_3RU\NLR\AUTH\66928151
686 0 _aЛ719.4-640.3я73
_2rubbk
700 1 _aАксенов
_bЛ. П.
_gЛеонид Павлович
701 1 _aПушкин
_bП. С.
_gПавел Семенович
712 0 2 _4650
_aВсесоюзный заочный институт текстильной и легкой промышленности
_3RU\NLR\AUTH\8810001732
_9500663
801 0 _aRU
_bNLR
_c20130416
_gpsbo
801 1 _aRU
_bELAR
_c20130416
_2rusmarc
801 2 _aRU
_bNLR
_c20181226
_2rusmarc
852 _aNLR
_j68-6/8030
942 _cBOOK
980 _aNB